|
|
|
|
| LEADER |
00000nab a2200000 ar4500 |
| 001 |
vtls010427701 |
| 003 |
SK-MaSNL |
| 005 |
20260305041605.0 |
| 008 |
190925c2012 xo wr|p|||||||000 b|slo |
| 038 |
|
|
|a PPPK
|
| 040 |
|
|
|a PPPKCL
|b slo
|c PPPKCL
|e AACR2
|
| 041 |
0 |
|
|a slo
|
| 044 |
|
|
|a xo
|c SK
|
| 080 |
|
|
|a 792.079:792.077
|x (437.6)
|2 2001
|
| 080 |
|
|
|a 792.077
|x (437.6)
|2 2001
|
| 245 |
0 |
0 |
|a Commedia najlepšia
|c [autor] (red)
|
| 610 |
2 |
7 |
|a Divadlo Commedia
|2 pppkcl
|9 200147
|
| 611 |
2 |
7 |
|a Palárikova Raková
|n (45. :
|d 2012 :
|c Raková, Slovensko)
|2 pppkcl
|9 1622311
|
| 650 |
0 |
7 |
|a ochotnícke divadlo
|2 pppkcl
|9 3349
|
| 650 |
0 |
7 |
|a amatérske divadlo
|2 pppkcl
|9 3348
|
| 650 |
0 |
7 |
|a divadelné festivaly a prehliadky
|2 pppkcl
|9 3350
|
| 651 |
|
7 |
|a Raková (Slovensko)
|2 pppkcl
|9 29543
|
| 651 |
|
7 |
|a Čadca (Slovensko : okres)
|2 pppkcl
|9 74719
|
| 651 |
|
7 |
|a Poprad (Slovensko)
|2 pppkcl
|9 20155
|
| 773 |
0 |
|
|t Podtatranské noviny
|g Roč. LIII, č. 19 (2012), s. 4
|x 1210-2423
|
| 852 |
|
|
|a PPPK
|b KIS3GCP
|
| 999 |
|
|
|c 3344321
|d 3346251
|